Derecho de los indios y desarrollo en Hispanoamérica

Saved in:
Bibliografiske detaljer
Hovedforfatter: André-Vincent, Philippe (Author)
Format: Bog
Sprog:spansk
Udgivet: Madrid Cultura Hispánica 1975
Fag:
Tags: Tilføj Tag
Ingen Tags, Vær først til at tagge denne postø!

MARC

LEADER 00000nam a2200000 a 4500
001 UCR0546
003 CL-VaPUC
008 971205e19750000SP |||||||||||||||||spa|d
082 0 4 |a 340.098  |b AND  |2 21 
100 0 |a André-Vincent, Philippe  |e author  |9 396353 
245 1 0 |a Derecho de los indios y desarrollo en Hispanoamérica 
300 |a 186 p 
942 |c BK 
945 |d 19971205 00:00:00  |a cmena 
260 |a Madrid  |b Cultura Hispánica  |c 1975 
650 0 |a Derecho Indiano  |9 256266 
650 7 |a INDIOS  |2 CL-VaPUC  |9 258588 
650 0 |a Religión   |9 255164 
650 0 |a Misioneros  |9 324171 
650 7 |a EVANGELIZACION  |2 CL-VaPUC  |9 396354 
650 0 |a Costumbres y tradiciones   |9 268292 
650 0 |a Derecho natural   |9 255041 
650 0 |a Cristianismo  |9 257361 
650 0 |a Cambio social   |9 256857 
583 |a last modification  |c 19971205 00:00:00  |k Rodrigo Vera 
999 |c 264048  |d 264046 
952 |0 0  |1 0  |4 0  |6 340_098000000000000_AND_1975  |7 0  |8 DER_HDC  |9 293635  |a BIBDER  |b BIBDER  |d 2019-11-19  |i 1908626  |l 1  |o 340.098 AND 1975  |p 1908626  |r 2023-01-25  |s 2020-03-16  |w 2019-11-19  |x Ubicación 4to Piso  |y BK  |z Estos recursos deben solicitarse con anticipación  |k DER 
952 |0 0  |1 0  |4 0  |6 340_098000000000000_AND_1975  |7 0  |8 A  |9 293636  |a BIBHIS  |b BIBHIS  |d 2019-11-19  |i 1384716  |o 340.098 AND 1975  |p 1384716  |r 2025-01-20  |w 2019-11-19  |y BK  |k HIS